[Event "Titled Tuesday intern op 2nd April"]
[Site "Chess.com INT"]
[Date "2019.04.02"]
[Round "6"]
[White "Weetik, Vjacheslav"]
[Black "Valdes, Luis Enrique"]
[Result "1-0"]
[WhiteElo "2423"]
[BlackElo "2388"]
[PlyCount "77"]
[EventDate "2019.04.02"]
[EventType "swiss (blitz)"]
[EventRounds "10"]
[EventCountry "USA"]
[SourceTitle "EXT 2021"]
[Source "ChessBase"]
[SourceDate "2020.10.23"]
[SourceVersion "1"]
[SourceVersionDate "2020.10.23"]
[SourceQuality "1"]

1. d4 Nf6 2. c4 g6 3. Nc3 Bg7 4. e4 d6 5. f3 0-0 6. Be3 c5 7. Nge2 Nc6 8. d5 Ne5 9. Ng3 e6 10. Be2 exd5 11. cxd5 a6 12. a4 h5 13. 0-0 h4 14. Nh1 h3 15. g4 Nh7 16. f4 Nd7 17. g5 Re8 18. Ng3 Rb8 19. Bg4 b5 20. axb5 axb5 21. e5 dxe5 22. f5 Nxg5 23. Nce4 Nxe4 24. Nxe4 Nf6 25. fxg6 Nxg4 26. gxf7+ Kh8 27. fxe8Q+ Qxe8 28. Bxc5 Qg6 29. Ng3 Bb7 30. Qf3 e4 31. Qxe4 Qxe4 32. Nxe4 Bxd5 33. Rf4 Ne5 34. Ng5 Nd3 35. Rh4+ Kg8 36. Bd4 Nxb2 37. Ra7 Bxd4+ 38. Rxd4 Bc6 39. Nh7 1-0

[Event "Titled Tuesday intern op 5th March"]
[Site "Chess.com INT"]
[Date "2019.03.05"]
[Round "5"]
[White "Harutjunyan, Gevorg"]
[Black "Valdes, Luis Enrique"]
[Result "0-1"]
[WhiteElo "2440"]
[BlackElo "2388"]
[PlyCount "86"]
[EventDate "2019.03.05"]
[EventType "swiss (blitz)"]
[EventRounds "10"]
[EventCountry "USA"]
[SourceTitle "EXT 2021"]
[Source "ChessBase"]
[SourceDate "2020.10.23"]
[SourceVersion "1"]
[SourceVersionDate "2020.10.23"]
[SourceQuality "1"]

1. e4 c5 2. b4 cxb4 3. Bb2 d6 4. Nf3 Nd7 5. d4 g6 6. e5 Bg7 7. a3 Qc7 8. Bb5 bxa3 9. Nxa3 Nh6 10. 0-0 0-0 11. Nc4 Nb6 12. Ne3 Ng4 13. h3 Nxe3 14. fxe3 Bf5 15. exd6 exd6 16. Bd3 Bxd3 17. cxd3 Nd5 18. Re1 Rfe8 19. e4 Nf4 20. Bc1 Ne6 21. Be3 a5 22. d5 Nc5 23. Nd4 Qd7 24. Rb1 a4 25. Nb5 a3 26. Nd4 a2 27. Ra1 Qa4 28. Qxa4 Rxa4 29. Nb5 Nxd3 30. Nxd6 Nxe1 31. Rxa2 Rxa2 32. Nxe8 Nxg2 33. Bc5 Nf4 34. d6 Ne6 35. d7 Rd2 36. Bd6 Bf8 37. e5 Bxd6 38. Nxd6 Nd8 39. h4 Kf8 40. h5 gxh5 41. Kf1 Ke7 42. Nf5+ Kxd7 43. Ke1 Rd5 0-1

[Event "CUB-ch sf"]
[Site "Santa Clara"]
[Date "2006.02.09"]
[Round "5"]
[White "Valdes, Luis Enrique"]
[Black "Almeida Quintana, Omar"]
[Result "1/2-1/2"]
[WhiteElo "2372"]
[BlackElo "2454"]
[PlyCount "29"]
[EventDate "2006.02.05"]
[EventType "swiss"]
[EventRounds "9"]
[EventCountry "CUB"]
[SourceTitle "EXT 2007"]
[Source "ChessBase"]
[SourceDate "2006.11.23"]
[SourceVersion "1"]
[SourceVersionDate "2006.11.23"]
[SourceQuality "1"]

1. d4 Nf6 2. Nf3 g6 3. g3 Bg7 4. Bg2 0-0 5. 0-0 d6 6. b3 Ne4 7. Bb2 f5 8. c4 c6 9. Nc3 Nxc3 10. Bxc3 Nd7 11. Ng5 Nf6 12. d5 Bd7 13. dxc6 bxc6 14. c5 h6 15. Nf3 1/2-1/2

[Event "CUB-ch sf"]
[Site "Santa Clara"]
[Date "2006.02.07"]
[Round "3"]
[White "Valdes, Luis Enrique"]
[Black "Hernandez Onna, Roman"]
[Result "1-0"]
[WhiteElo "2372"]
[BlackElo "2371"]
[PlyCount "30"]
[EventDate "2006.02.05"]
[EventType "swiss"]
[EventRounds "9"]
[EventCountry "CUB"]
[SourceTitle "EXT 2007"]
[Source "ChessBase"]
[SourceDate "2006.11.23"]
[SourceVersion "1"]
[SourceVersionDate "2006.11.23"]
[SourceQuality "1"]

1. d4 Nf6 2. c4 e6 3. Nc3 d5 4. Nf3 Be7 5. Bf4 0-0 6. e3 c5 7. dxc5 Bxc5 8. Qc2 Nc6 9. Be2 dxc4 10. Bxc4 Bd7 11. 0-0 Be7 12. Rad1 Qa5 13. a3 Rac8 14. Be2 Qf5 15. Qxf5 exf5 1-0

[Event "CUB-ch sf"]
[Site "Santa Clara"]
[Date "2006.02.06"]
[Round "2"]
[White "Hernandez Carmenates, Holden"]
[Black "Valdes, Luis Enrique"]
[Result "1-0"]
[WhiteElo "2499"]
[BlackElo "2372"]
[PlyCount "25"]
[EventDate "2006.02.05"]
[EventType "swiss"]
[EventRounds "9"]
[EventCountry "CUB"]
[SourceTitle "EXT 2007"]
[Source "ChessBase"]
[SourceDate "2006.11.23"]
[SourceVersion "1"]
[SourceVersionDate "2006.11.23"]
[SourceQuality "1"]

1. d4 d5 2. c4 dxc4 3. e4 e5 4. Nf3 Bb4+ 5. Nc3 exd4 6. Nxd4 Ne7 7. Bxc4 Nbc6 8. Be3 0-0 9. Nxc6 Bxc3+ 10. bxc3 Nxc6 11. 0-0 Qd6 12. Qc2 Be6 13. Bd3 1-0

[Event "Capablanca Memorial Premier I 36th"]
[Site "Havana"]
[Date "2001.05.16"]
[Round "10"]
[White "Valdes, Luis Enrique"]
[Black "Garcia Martinez, Silvino"]
[Result "1/2-1/2"]
[WhiteElo "2413"]
[BlackElo "2378"]
[PlyCount "40"]
[EventDate "2001.05.05"]
[EventType "tourn"]
[EventRounds "13"]
[EventCountry "CUB"]
[EventCategory "8"]
[SourceTitle "CBM 082 Extra"]
[Source "ChessBase"]
[SourceDate "2001.07.03"]
[SourceVersion "1"]
[SourceVersionDate "2001.07.03"]
[SourceQuality "1"]

1. Nf3 Nf6 2. g3 g6 3. b3 Bg7 4. Bb2 0-0 5. Bg2 d5 6. c4 c6 7. 0-0 a5 8. cxd5 Qxd5 9. Ne5 Qd8 10. d4 Ng4 11. Nd2 Nxe5 12. dxe5 Be6 13. Qc2 a4 14. Rfd1 Nd7 15. Nf3 axb3 16. axb3 Rxa1 17. Bxa1 Qb6 18. Nd4 Bxe5 19. Nxe6 fxe6 20. e3 Bxa1 1/2-1/2